[Event "Nord West Cup 05th"]
[Site "Bad Zwischenahn"]
[Date "2003.??.??"]
[Round "4"]
[White "Rychlik, Kurt"]
[Black "Brinkmann, Martin"]
[Result "1-0"]
[WhiteElo "2058"]
[BlackElo "1622"]
[PlyCount "111"]
[EventDate "2003.02.??"]
[EventType "swiss"]
[EventRounds "7"]
[EventCountry "GER"]
[SourceTitle "EXT 2004"]
[Source "ChessBase"]
[SourceDate "2003.11.25"]
[SourceVersion "1"]
[SourceVersionDate "2003.11.25"]
[SourceQuality "1"]

1. c4 c5 2. Nc3 Nc6 3. g3 Nf6 4. Bg2 e6 5. e4 d6 6. Nge2 Be7 7. 0-0 0-0 8. d4 cxd4 9. Nxd4 a6 10. h3 Qc7 11. Be3 Bd7 12. Nc2 Na5 13. b3 Rac8 14. Rc1 b5 15. Qe2 bxc4 16. b4 Nc6 17. Qxc4 Qb7 18. a3 Ne5 19. Qb3 Rc4 20. f4 Rfc8 21. Ne2 Ng6 22. e5 Nd5 23. exd6 Bxd6 24. Ncd4 Rxc1 25. Rxc1 Rxc1+ 26. Nxc1 Qc7 27. Bxd5 exd5 28. Qxd5 Ne7 29. Qa8+ Bc8 30. Nce2 g6 31. Kf2 Kg7 32. g4 Bb7 33. Qe8 Nd5 34. f5 Nf6 35. Qa4 Ne4+ 36. Ke1 Ng3 37. b5 Qe7 38. Bc1 Nxe2 39. Nxe2 Bf3 40. Bb2+ f6 41. Qc4 axb5 42. Qxb5 Qe4 43. Qd7+ Be7 44. Qe6 Qxe6 45. fxe6 Bd5 46. Nf4 Bb3 47. g5 h6 48. h4 Bd8 49. Kd2 hxg5 50. hxg5 Bc7 51. gxf6+ Kh6 52. Kc3 Ba4 53. Kb4 Bc6 54. Kc5 Ba4 55. Nd5 Bg3 56. f7 1-0